Top U.S. Liberal Arts Colleges (US News) Quiz Stats

 Plays Quiz not verified by Sporcle

Support Sporcle.
Go Orange.
Score 0/50 Timer 10:00
0 Plays Today
Ranking College % Correct
2Amherst College
83%
1Williams College
82.1%
4 =Middlebury College
79.2%
6 =Bowdoin College
78.3%
3Swarthmore College
77.4%
23 =Colby College
76.4%
6 =Pomona College
72.6%
21 =Bates College
72.6%
11Claremont McKenna College
70.8%
4 =Wellesley College
67.9%
9 =Davidson College
67.9%
18 =Hamilton College
67.9%
23 =Oberlin College
67.9%
26 =Colorado College
67.9%
12 =Wesleyan University
67%
14 =Smith College
67%
8Carleton College
66%
9 =Haverford College
66%
18 =Grinnell College
66%
18 =Harvey Mudd College
65.1%
12 =Vassar College
63.2%
21 =Colgate University
62.3%
32 =Kenyon College
62.3%
14 =Washington and Lee University
61.3%
23 =Scripps College
59.4%
Ranking College % Correct
16 =United States Naval Academy
57.5%
26 =Macalester College
57.5%
26 =Barnard College
56.6%
16 =United States Military Academy
54.7%
46 Pitzer College
54.7%
41 =Connecticut College
53.8%
36 =Trinity College
52.8%
47 =Dickinson College
51.9%
26 =Mount Holyoke College
50.9%
30 =Bryn Mawr College
50%
30 =Bucknell University
50%
38 =Lafayette College
50%
41 =Skidmore College
50%
47 =Gettysburg College
48.1%
41 =Union College
47.2%
41 =Franklin and Marshall College
46.2%
32 =University of Richmond
45.3%
38 =Bard College
45.3%
47 =Centre College
45.3%
36 =Occidental College
44.3%
38 =Whitman College
42.5%
32 =Sewanee- University of the South
41.5%
41 =Furman University
41.5%
47 =Rhodes College
39.6%
32 =College of the Holy Cross
38.7%

You're not logged in!

Compare scores with friends on all Sporcle quizzes.
OR
Log In

From the Vault

Multiple Real People Disorder

by VikingDevil53

Acting can be a confusing profession.
Remove Ads.
Support Sporcle.
Get the best of Sporcle when you Go Orange. This ad-free experience offers more features, more stats, and more fun while also helping to support Sporcle. Thank you for becoming a member.

Show Comments

Extras

Top Quizzes Today


Score Distribution

Your Account Isn't Verified!

In order to create a playlist on Sporcle, you need to verify the email address you used during registration. Go to your Sporcle Settings to finish the process.

Report this User

Report this user for behavior that violates our Community Guidelines.

Details: